书目信息 |
| 题名: |
石膏像 静物 人像 素描画法
|
|
| 作者: | 胡巨湛 , 陈秀莪 编著 | |
| 分册: | ||
| 出版信息: | 郑州 河南美术出版社 1987.06 |
|
| 页数: | 80页 | |
| 开本: | 16开 | |
| 丛书名: | ||
| 单 册: | ||
| 中图分类: | J214 | |
| 科图分类: | ||
| 主题词: | 绘画--技法(美术) | |
| 电子资源: | ||
| ISBN: | 7-5401-0006-0 | |
| 000 | 00632nam0 2200205 45 | |
| 001 | 0012041062 | |
| 005 | 20001204100338.0 | |
| 010 | @a7-5401-0006-0@d9.80元 | |
| 100 | @a20001204d1987 km y0chiy0120 ea | |
| 101 | 0 | @achi |
| 105 | @a z 000yy | |
| 200 | 1 | @a石膏像 静物 人像 素描画法@AShi Gao Xiang Jing Wu Ren Xiang Su Miao Hua Fa@f胡巨湛,陈秀莪编著@FHu Ju Zhan,Chen Xiu E Bian Zhu |
| 210 | @a郑州@c河南美术出版社@d1987.06 | |
| 215 | @a80页@d16开 | |
| 606 | 0 | @a绘画@x技法(美术) |
| 690 | @aJ214@v3 | |
| 701 | 0 | @a胡巨湛@4编著 |
| 701 | 0 | @a陈秀莪@4编著 |
| 801 | @aCN@bPftUser@c20001204 | |
| 905 | @b512775-779@dJ214@eH967@f5 | |
| 石膏像 静物 人像 素描画法/胡巨湛,陈秀莪编著.-郑州:河南美术出版社,1987.06 |
| 80页;16开 |
| ISBN 7-5401-0006-0:9.80元 |
| ● |
| 相关链接 |
|
|
|
正题名:石膏像静物人像素描画法
索取号:J214/H967
 
预约/预借
| 序号 | 登录号 | 条形码 | 馆藏地/架位号 | 状态 | 备注 |
| 1 | 512775 | 205127753 | 艺术设计学院资料室/ [索取号:J214/H967] | 在馆 | |
| 2 | 512776 | 205127762 | 自科二线404/309社科库 70排2列5层/ [索取号:J214/H967] | 在馆 | |
| 3 | 512777 | 205127771 | 自科二线404/309社科库 70排2列5层/ [索取号:J214/H967] | 在馆 | |
| 4 | 512778 | 205127780 | 自科二线404/309社科库 70排2列5层/ [索取号:J214/H967] | 在馆 | |
| 5 | 512779 | 205127799 | 自科二线404/309社科库 70排2列5层/ [索取号:J214/H967] | 在馆 |